Представление документа в формате MARC21

Поле Инд. ПП Название Значение
Тип записи a
Библиографический уровень a
001 Контрольный номер RU/IS/BASE/468925204
005 Дата корректировки 20141110090004.7
020 a ISBN 978-5-905155-06-2
040 a Служба первич. каталог. НБ ТвГУ
b Код языка каталог. rus
e Правила каталог. PSBO
041 0_ a Код языка текста rus
100 1_ a Автор Каминченко Дмитрий Игоревич
q Полное имя Каминченко Д. И.
245 10 a Заглавие Конституционные смыслы современной политической системы России
260 a Место издания Москва
b Издательство Стратегия
c Дата издания 2014
504 a Библиография Библиогр.: с. 374-375 (9 назв.)
520 a Аннотация Цель данной статьи заключается в определении смыслов, которые формулирует Конституция 1993 года для политической системы России.
653 a Ключевые слова Государственная власть
a Ключевые слова Конституционные смыслы
a Ключевые слова Конституция 1993 года
a Ключевые слова Политическая система
a Ключевые слова Политический плюрализм
a Ключевые слова Россия, страна
a Ключевые слова Умеренный антропоцентризм
773 08 w Контрольный № источника RU/IS/BASE/466092049
t Название источника Борис Ельцин - Новая Россия - Мир
d Место и дата издания Москва : Стратегия, 2014
g Прочая информация С. 369-375
901 t Тип документа a
920 a Оператор Нови